Everything You Wanted To Know About Investing : The Encyclopedia of investment and wealth creating intelligence (Record no. 503099)

000 -LEADER
fixed length control field 00355cam a22001097a 4500
008 - FIXED-LENGTH DATA ELEMENTS--GENERAL INFORMATION
fixed length control field 180718b xxu||||| |||| 00| 0 eng d
082 ## - DEWEY DECIMAL CLASSIFICATION NUMBER
Classification number T478 K848
100 ## - MAIN ENTRY--PERSONAL NAME
Personal name Kotak
245 ## - TITLE STATEMENT
Title Everything You Wanted To Know About Investing : The Encyclopedia of investment and wealth creating intelligence
260 ## - PUBLICATION, DISTRIBUTION, ETC.
Place of publication, distribution, etc. New Delhi
Name of publisher, distributor, etc. Network18 Publications
Date of publication, distribution, etc.
300 ## - PHYSICAL DESCRIPTION
Extent 137p.
Holdings
Withdrawn status Lost status Damaged status Not for loan Permanent Location Current Location Date acquired Full call number Barcode Date last seen Price effective from Koha item type
        Indian Institute of Public Administration Indian Institute of Public Administration 2018-08-04 T478 K848 GR19525 2018-08-04 2018-08-04 GR

Powered by Koha